000 00322nam a2200085Ia 4500
008 220204s9999 xx 000 0 und d
245 0 _aMonthly statistics of foreign trade of India. V.1. Exports and re-exports. Pt.II, 2000
260 _aKolkatta
_bDirectorate General of Commercial Intelligence & Statistics
_c2000
942 _cBK
999 _c41776
_d41776